| Registos Bibliográficos associados ao registo de autoridade |
|
Etiqueta de registo: 00269ncm 2200145 450 001 1827423 003 http://id.bnportugal.gov.pt/bib/catbnp/1827423 100 ## $a20130108f19 k y0pory01030103ba 101 0# $afre 102 ## $aFR 200 1# $aDanses espagnoles$bMúsica impressa]$fPablo de Sarasate, op. 22 210 #9 $aParis$cC. Joubert,$d[19--] 215 ## $aPartitura (15 p.) e parte (7 p.)$d33 cm 301 ## $aN.º de chapa: B & Cie. 12,759 316 ## $a2.º caderno: Romanza andaluza, Jota navarra 317 ## $aProv.: Instituto Branco Rodrigues$5PTBN: M.P. 3152//5 A. 500 10 $aDanses espagnoles,$rvl, pf,$sop. 22 606 ## $aMúsica para violino e piano$x[Música impressa]$2SIPOR$31148783 675 ## $a787:786$vBN$zpor$31446479 675 ## $a78.089.6$vBN$zpor$3536969 700 #1 $aSarasate,$bPablo de,$f1844-1908$3138244 801 #0 $aPT$bBN$gRPC 966 ## $lBN$mMUSICA$sM.P. 3152//5 A. $x3 966 ## $lBN$mMUSICA$sM.P. 3152//6 A. $x3
Etiqueta de registo: 00750ccc 02200241 04500 001 818228 003 http://id.bnportugal.gov.pt/bib/catbnp/818228 005 19990125000000.0 095 ## $aPTBN00469291 100 ## $a19930607d1898 km y0pory0103 ba 101 0# $ager$afre 102 ## $aDE 105 ## $aga z 000yy 106 ## $ar 200 1# $aZigeunerweisen$bMúsica impressa]$epour violon avec accompagnement d'orchestre ou de piano$fcomposées par Pablo de Sarasate 210 #9 $aLeipzig$cBartholf Senff,$dcop. 1898 215 ## $aPartitura ( 11 p.)$eparte de Violino principale$cil., capa$d34 cm 301 ## $aN.º de ch.: 1380. 1381 327 1# $aParte de Violino.- 5 p. 500 10 $aPeças para violino ;$rvl, pf ;$sOp. 20 606 ## $aMúsica para violino e piano$x[Música impressa]$2SIPOR$31148783 620 ## $dLípsia 675 ## $a78.089.6$vBN$zpor$3536969 675 ## $a787.1:786.2$vBN$zpor$31617373 675 ## $a785.72$vBN$zpor$3536826 700 #1 $aSarasate,$bPablo de,$f1844-1908$3138244 801 #0 $aPT$bBN$gRPC 966 ## $lBN$mMUSICA$nCotas antigas: B.A. 733//18 A.; M.P. 1996//8 A.$sM.P. 2770 A.$x2 998 ## $aCI227-51
Etiqueta de registo: 00269ncm 2200145 450 001 1910795 003 http://id.bnportugal.gov.pt/bib/catbnp/1910795 071 01 $aB.Z. 495 071 01 $aT. 119 T. 100 ## $a20150924f1891 k y0pory01030103ba 101 0# $aesp 102 ## $aES 200 1# $aCapricho Vasco$bMúsica impressa]$epara piano y canto$fpor Pablo Sarasate 210 #9 $aMadrid$cB. Zozaya$d [ 1891] 215 ## $aPartitura (8 p.)$d34 cm 225 2# $aAlbum de la ilustracion musical$vA. 4, n.º 79, 1ª secção 301 ## $aN.º de chapa: B.Z. 495 308 ## $aIndica 1ª seccion, Año 4º, n.º 79. Não tem título da série 317 ## $aProv. Fundo do Conde de Redondo$5PTBN: F.C.R. 227 A. 327 1# $aNa última p.: Romanza de la sonatina n.º 5 / Beethoven. N.º de chapa: T. 119 T. 422 #1 $10011920452$tIlustración Musical Hispano-Americana$cBarcelona$bEstablecimiento Tipográfico de Víctor Berdós$d[1887-1896?]$vA. 4, n.º 79, I sección (1891) 500 10 $aCaprichos,$rV, pf 606 ## $aMúsica para canto e piano$zSéc. 19$j[Música impressa]$2SIPOR$31117817 675 ## $a784.3$vBN$zpor$3379590 675 ## $a784:786.2$vBN$zpor$3519118 675 ## $a78.089.6$vBN$zpor$3536969 700 #1 $aSarasate,$bPablo de,$f1844-1908$3138244 712 02 $aZozaya Editor$c(Editores de música)$4650$31089567 712 01 $aPortugal.$bInstituto Português do Património Cultural.$bDepartamento de Musicologia$4390$3285717 801 #0 $aPT$bBN$gRPC 856 40 $uhttps://purl.pt/46588 856 41 $uhttps://purl.pt/46588/service/media/cover/low 856 49 $uhttps://purl.pt/46588/service/media/pdf$qapplication/pdf 958 ## $aBND$bLivre$cDigitalizado$d1$ehttps://purl.pt/46588/service/media/cover/max 966 ## $lBN$mMUSICA$sF.C.R. 227 A. $x6 995 ## $aPRR2022 $d20231115$idfontes$zBND
Etiqueta de registo: 00000ndm 2200025 001 2240814 003 http://id.bnportugal.gov.pt/bib/catbnp/2240814 100 ## $a20260105d1938 k y0pory01030103ba 101 0# $aspa$apor 102 ## $aPT 106 ## $ah 200 1# $aZapateado$bMúsica manuscrita]$fPablo de Sarasate$gOrquestração de Pavia de Magalhães (Professor do Conservatorio de Lisbôa) 210 #1 $aPorto,$d25/5/1938 215 ## $a2 partituras (20, 8 p.) e 25 partes$d23 x 29 cm 317 ## $aIPPC, Departamento de Musicologia, Fundo Pavia de Magalhães 500 11 $aDanças,$rvlc, orq,$sop. 23, n.º 2 ;$warr. 675 ## $a78.089.6$vBN$zpor$3536969 700 #1 $aSarasate,$bPablo de,$f1844-1908$3138244 702 #1 $aMagalhães,$bEduardo Pavia de,$f1885-1960$4030$31469018 712 01 $aPortugal.$bInstituto Português do Património Cultural.$bDepartamento de Musicologia$4390$3285717 801 #0 $aPT$bBN$gRPC 966 ## $lBN$mMUSICA$sPM 855$x7 971 ## $cCatmusica6$d20260105 995 ## $aPRR2026 $d20260105$iCatmusica6
Etiqueta de registo: 00000ndm 2200025 001 2252301 003 http://id.bnportugal.gov.pt/bib/catbnp/2252301 100 ## $a20260121f19001960k y0pory01030103ba 101 0# $afre 102 ## $aPT 106 ## $ah 200 1# $aAirs Bohémiens$bMúsica manuscrita]$eop. 20$fSarasate 210 #1 $d[Entre 1900 e 1960] 215 ## $a17 partes$d36 x 27 cm 317 ## $aIPPC, Departamento de Musicologia, Fundo Pavia de Magalhães 500 11 $aPeças,$rorq,$sOp. 20 675 ## $a78.089.6$vBN$zpor$3536969 700 #1 $aSarasate,$bPablo de,$f1844-1908$3138244 702 #1 $aMagalhães,$bEduardo Pavia de,$f1885-1960$4700$31469018 712 01 $aPortugal.$bInstituto Português do Património Cultural.$bDepartamento de Musicologia$4390$3285717 801 #0 $aPT$bBN$gRPC 966 ## $lBN$mMUSICA$sPM 4816$x7 971 ## $cCatmusica7$d20260121 995 ## $aPRR2026 $d20260121$iCatmusica7
Etiqueta de registo: 00000ndm 2200025 001 2251649 003 http://id.bnportugal.gov.pt/bib/catbnp/2251649 100 ## $a20260120f18801940k y0pory01030103ba 101 0# $apor 102 ## $aPT 106 ## $ah 200 1# $aFantasia sobre motivos del Faust.$bMúsica manuscrita]$fpor Pablo de Sarasate 210 #1 $d[Entre 1880 e 1940] 215 ## $a15 partes$d23 x 32 cm 317 ## $aIPPC, Departamento de Musicologia, Fundo Pavia de Magalhães 500 11 $aFantasias,$rorq 540 1# $aFaust 675 ## $a78.089.6$vBN$zpor$3536969 700 #1 $aSarasate,$bPablo de,$f1844-1908$3138244 702 #1 $aGounod,$bCharles,$f1818-1893$4100$338487 712 01 $aPortugal.$bInstituto Português do Património Cultural.$bDepartamento de Musicologia$4390$3285717 801 #0 $aPT$bBN$gRPC 966 ## $lBN$mMUSICA$sPM 4073$x7 971 ## $cCatmusica8$d20260120 995 ## $aPRR2026 $d20260120$iCatmusica8
Etiqueta de registo: 00000ndm 2200025 001 2257389 003 http://id.bnportugal.gov.pt/bib/catbnp/2257389 100 ## $a20260130f19001947k y0pory01030103ba 101 0# $apor 102 ## $aPT 106 ## $ah 200 1# $aPeteneras$bMúsica manuscrita]$eCaprice Espagnole$fpor Pablo de Sarasate 210 #1 $d[Entre 1900 e 1947] 215 ## $a1 parte$d29 x 22 cm 300 ## $a"Copia e Transcrição do Piano por A. R. Leite da Silva" 300 ## $a"Repertorio e Raul de Campos" 317 ## $aEspólio de Raúl de Campos 500 11 $aCapricci,$rvl,$uRé menor 675 ## $a78.089.6$vBN$zpor$3536969 700 #1 $aSarasate,$bPablo de,$f1844-1908$3138244 801 #0 $aPT$bBN$gRPC 966 ## $lBN$mMUSICA$sEMUS17 326$x7 971 ## $cCatmusica12$d20260130 995 ## $aPRR2026 $d20260130$iCatmusica12
Etiqueta de registo: 00000nam 2200025 001 2289483 003 http://id.bnportugal.gov.pt/bib/catbnp/2289483 100 ## $a20260702d1896 m y0pory01030103ba 101 1# $apor 102 ## $aPT 105 ## $ay z 000yy 106 ## $ar 200 1# $aQuinto e ultimo concerto para despedida do ilustre violinista Pablo Sarasate em que
toma tambem parte a orchestra do Theatro, sob a direcção do maestro J. Goula, acompanhador
ao piano o professor A. Rey Colaço$eReal Theatro de S. Carlos, segunda feira, 16 de Março de 1896 210 #9 $aLisboa$cLambertini,$d1896 215 ## $a20 p.$d15 cm 225 2# $aFolheto programma$v6 317 ## $aConservatório Nacional$5PTBN: C.N. 923 P. 601 01 $aPortugal.$bReal Teatro de São Carlos$xEspectáculos musicais$x[Programas]$2SIPOR$31047759 606 ## $aEspectáculos musicais$x[Programas]$2SIPOR$3542303 675 ## $a78(049)$vBN$zpor$31321291 702 #1 $aSarasate,$bPablo de,$f1844-1908$4545$3138244 702 #1 $aGoula,$bJuan,$f1843-1917$4250$31620538 702 #1 $aColaço,$bAlexandre Rey,$f1854-1928$4545$3105796 712 02 $aLambertini$c(editores de música)$4650$31278094 712 01 $aPortugal.$bConservatório Nacional.$bEscola de Música$4390$31172174 801 #0 $aPT$bBN$gRPC 966 ## $lBN$mMUSICA$pConservatório Nacional$sC.N. 923 P. $x7 971 ## $cjamaral$d20260702 997 ## $aBIBEOD
Etiqueta de registo: 00000nam 2200025 001 2289482 003 http://id.bnportugal.gov.pt/bib/catbnp/2289482 100 ## $a20260702d1896 m y0pory01030103ba 101 1# $apor 102 ## $aPT 105 ## $ac z 000yy 106 ## $ar 200 1# $aQuarto concerto em que tomam parte o insigne violinista Pablo Sarasate e a orchestra
do Theatro, sob a direcção do maestro J. Goula, acompanhador ao piano o professor
A. Rey Colaço$eReal Theatro de S. Carlos, terça feira, 10 de Março de 1896 210 #9 $aLisboa$cLambertini,$d1896 215 ## $a20 p.$cil.$d15 cm 225 2# $aFolheto programma$v5 307 ## $aRetrato de Pablo Sarasate 317 ## $aConservatório Nacional$5PTBN: C.N. 922 P. 601 01 $aPortugal.$bReal Teatro de São Carlos$xEspectáculos musicais$x[Programas]$2SIPOR$31047759 606 ## $aEspectáculos musicais$x[Programas]$2SIPOR$3542303 675 ## $a78(049)$vBN$zpor$31321291 702 #1 $aSarasate,$bPablo de,$f1844-1908$4545$3138244 702 #1 $aGoula,$bJuan,$f1843-1917$4250$31620538 702 #1 $aColaço,$bAlexandre Rey,$f1854-1928$4545$3105796 712 02 $aLambertini$c(editores de música)$4650$31278094 712 01 $aPortugal.$bConservatório Nacional.$bEscola de Música$4390$31172174 801 #0 $aPT$bBN$gRPC 966 ## $lBN$mMUSICA$pConservatório Nacional$sC.N. 922 P. $x7 971 ## $cjamaral$d20260702 997 ## $aBIBEOD
Etiqueta de registo: 00000nam 2200025 001 2289481 003 http://id.bnportugal.gov.pt/bib/catbnp/2289481 100 ## $a20260702d1896 m y0pory01030103ba 101 1# $apor 102 ## $aPT 105 ## $ac z 000yy 106 ## $ar 200 1# $aTerceiro concerto em que tomam parte os insignes concertistas Pablo Sarasate e Berthe
Marx-Goldschmidt e a orchestra do Theatro, sob a direcção do maestro J. Goula$eReal Theatro de S. Carlos, sexta feira, 6 de Março de 1896 210 #9 $aLisboa$cLambertini,$d1896 215 ## $a16 p.$cil.$d15 cm 225 2# $aFolheto programma$v4 307 ## $aRetrato de Juan Goula 317 ## $aConservatório Nacional$5PTBN: C.N. 921 P. 601 01 $aPortugal.$bReal Teatro de São Carlos$xEspectáculos musicais$x[Programas]$2SIPOR$31047759 606 ## $aEspectáculos musicais$x[Programas]$2SIPOR$3542303 675 ## $a78(049)$vBN$zpor$31321291 702 #1 $aSarasate,$bPablo de,$f1844-1908$4545$3138244 702 #1 $aMarx-Goldschmidt,$bBerthe,$f1859-1925$4545$31370964 702 #1 $aGoula,$bJuan,$f1843-1917$4250$31620538 712 02 $aLambertini$c(editores de música)$4650$31278094 712 01 $aPortugal.$bConservatório Nacional.$bEscola de Música$4390$31172174 801 #0 $aPT$bBN$gRPC 966 ## $lBN$mMUSICA$pConservatório Nacional$sC.N. 921 P. $x7 971 ## $cjamaral$d20260702 997 ## $aBIBEOD
Etiqueta de registo: 00000nam 2200025 001 2289475 003 http://id.bnportugal.gov.pt/bib/catbnp/2289475 100 ## $a20260702d1896 m y0pory01030103ba 101 1# $apor 102 ## $aPT 105 ## $ac z 000yy 106 ## $ar 200 1# $aSegundo concerto em que tomam parte os insignes concertistas Pablo Sarasate e Berthe
Marx-Goldschmidt e a orchestra do Theatro, sob a direcção do maestro J. Goula$eReal Theatro de S. Carlos, segunda feira, 2 de Março de 1896 210 #9 $aLisboa$cLambertini,$d1896 215 ## $a24 p.$cil.$d15 cm 225 2# $aFolheto programma$v3 307 ## $aRetrato de Berthe Marx-Goldschmidt 317 ## $aConservatório Nacional$5PTBN: C.N. 920 P. 601 01 $aPortugal.$bReal Teatro de São Carlos$xEspectáculos musicais$x[Programas]$2SIPOR$31047759 606 ## $aEspectáculos musicais$x[Programas]$2SIPOR$3542303 675 ## $a78(049)$vBN$zpor$31321291 702 #1 $aSarasate,$bPablo de,$f1844-1908$4545$3138244 702 #1 $aMarx-Goldschmidt,$bBerthe,$f1859-1925$4545$31370964 702 #1 $aGoula,$bJuan,$f1843-1917$4250$31620538 712 02 $aLambertini$c(editores de música)$4650$31278094 712 01 $aPortugal.$bConservatório Nacional.$bEscola de Música$4390$31172174 801 #0 $aPT$bBN$gRPC 966 ## $lBN$mMUSICA$pConservatório Nacional$sC.N. 920 P. $x7 971 ## $cjamaral$d20260702 997 ## $aBIBEOD
Etiqueta de registo: 00000nam 2200025 001 2289469 003 http://id.bnportugal.gov.pt/bib/catbnp/2289469 100 ## $a20260702d1896 m y0pory01030103ba 101 1# $apor 102 ## $aPT 105 ## $ac z 000yy 106 ## $ar 200 1# $aGrande concerto em que tomam parte os insignes concertistas Pablo Sarasate e Berthe
Marx-Goldschmidt e a orchestra do Theatro, sob a direcção do maestro J. Goula$eReal Theatro de S. Carlos, sexta feira, 28 de Fevereiro de 1896 210 #9 $aLisboa$cLambertini,$d1896 215 ## $a32 p.$cil.$d15 cm 225 2# $aFolheto programma$v2 307 ## $aRetrato de Pablo Sarasate 317 ## $aConservatório Nacional$5PTBN: C.N. 919 P. 601 01 $aPortugal.$bReal Teatro de São Carlos$xEspectáculos musicais$x[Programas]$2SIPOR$31047759 606 ## $aEspectáculos musicais$x[Programas]$2SIPOR$3542303 675 ## $a78(049)$vBN$zpor$31321291 702 #1 $aSarasate,$bPablo de,$f1844-1908$4545$3138244 702 #1 $aMarx-Goldschmidt,$bBerthe,$f1859-1925$4545$31370964 702 #1 $aGoula,$bJuan,$f1843-1917$4250$31620538 712 02 $aLambertini$c(editores de música)$4650$31278094 712 01 $aPortugal.$bConservatório Nacional.$bEscola de Música$4390$31172174 801 #0 $aPT$bBN$gRPC 966 ## $lBN$mMUSICA$pConservatório Nacional$sC.N. 919 P. $x7 971 ## $cjamaral$d20260702 997 ## $aBIBEOD
|
|
|